LEADER 01002nam--2200361---450- 001 990000961620203316 005 20050510100441.0 035 $a0096162 035 $aUSA010096162 035 $a(ALEPH)000096162USA01 035 $a0096162 100 $a20020214d1985----km-y0itay0103----ba 101 $aita 102 $aIT 105 $a||||||||001yy 200 1 $aTestimonium Christi$escritti in onore di Jacques Dupont 210 $aBrescia$cPaideia$d1985 215 $aLXIII, 494 p$d23 cm 300 $aScritti di vari 410 $12001 676 $a225. 801 0$aIT$bsalbc$gISBD 912 $a990000961620203316 951 $aII 2 1379(XIV 452)$b118419 LM$cXIV 959 $aBK 969 $aUMA 979 $aPATTY$b90$c20020214$lUSA01$h1505 979 $aPATTY$b90$c20020325$lUSA01$h1352 979 $c20020403$lUSA01$h1738 979 $aPATRY$b90$c20040406$lUSA01$h1706 979 $aCOPAT7$b90$c20050510$lUSA01$h1004 996 $aTestimonium Christi$9972637 997 $aUNISA LEADER 00920nam a2200253 a 4500 001 991001775089707536 008 020 $a052182043x 035 $ab12195236-39ule_inst 040 $aDip.to Lingue $bita 100 1 $aFoakes, R. A.$0163791 245 10$aShakespeare and violence 260 $aCambridge :$bCambridge University Press,$c2003 300 $a224 p. ;$c23 cm. 546 $aInglese 600 14$aShakespeare, William$xAspetti politici e sociali 650 14$aLetteratura e società$zInghilterra$xStoria$ySec.16 650 24$aViolenza nella letteratura 907 $a.b12195236$b02-04-14$c15-09-03 912 $a991001775089707536 945 $aLE012 828.33 D FOA$g1$i2012000039155$lle012$o-$pE0.00$q-$rl$s- $t0$u2$v0$w2$x0$y.i12564953$z15-09-03 996 $aShakespeare and violence$9157062 997 $aUNISALENTO 998 $ale012$b - - $cm$da $e-$feng$guk $h0$i1